Význam Systému colných preferencií v regulácii obchodných vzťahov USA - SR

Podstata Všeobecného systému colných preferencií USA /GSP/. Slovensko a využívanie GSP. Základné podmienky USA pre dovoz v rámci programu GSP, podmienky sa upravujú pre každý rok osobitne.

Salvato in:
Dettagli Bibliografici
Autore principale: Kordoš, Marcel
Natura: Capitolo di libro
Lingua:slovacco
Soggetti:
Tags: Aggiungi Tag
Nessun Tag, puoi essere il primo ad aggiungerne!!

MARC

LEADER 00000naa$a2200000$$$4500
001 0022030
005 20221207121955.8
041 0 |a slo 
044 |a SK 
245 1 0 |a Význam Systému colných preferencií v regulácii obchodných vzťahov USA - SR  |c Marcel Kordoš 
520 |a Podstata Všeobecného systému colných preferencií USA /GSP/. Slovensko a využívanie GSP. Základné podmienky USA pre dovoz v rámci programu GSP, podmienky sa upravujú pre každý rok osobitne. 
610 2 0 |a Slovensko 
610 2 0 |a vývoz 
610 2 0 |a USA 
610 2 0 |a preferencie colné 
610 2 0 |a obchod zahraničný 
100 1 |a Kordoš, Marcel